Представление документа в формате MARC21

Поле Инд. ПП Название Значение
Тип записи a
Библиографический уровень b
001 Контрольный номер RU/IS/BASE/234713286
005 Дата корректировки 20200630193238.2
040 b Код языка каталог. rus
e Правила каталог. PSBO
041 0_ a Код языка текста rus
084 a Индекс другой классификации/Индекс ББК 81.411-22-3
100 1_ a Автор Виноградова Е. Н.
100 1_ a Автор Ситарь А. В.
100 1_ a Автор Важник С. А.
245 10 a Заглавие К вопросу об описании содержательного аспекта предложения
b Продолж. заглавия (на материале восточнославянских языков)
n Номер части/ раздела Статья 1
504 a Библиография Библиогр. - Примеч.: с. 34
520 0_ a Аннотация К описанию предложения лингвистика обращается перманентно, но чаще предложение рассматривается с точки зрения его формальной структуры. В практике же преподавания языка как неродного появилась необходимость в описании содержательного аспекта предложения. Актуальной задачей является представление и описание содержательного компонента предложения. Для этого предложено понятие типовой ситуации. Типовая ситуация передачи объекта в данном случае представлена типовой ситуацией платы
650 04 a Основная рубрика грамматика
a Основная рубрика лексикология; лексическая семантика; синтаксис
a Основная рубрика филологические науки
a Основная рубрика частное языкознание
a Основная рубрика языкознание
653 0_ a Ключевые слова белорусский язык
a Ключевые слова восточнославянские языки
a Ключевые слова предикаты
a Ключевые слова предложение
a Ключевые слова русский язык
a Ключевые слова семантика
a Ключевые слова семантика предложения
a Ключевые слова синтаксис семантический
a Ключевые слова украинский язык
773 0_ t Заглавие источника Вестник Московского университета. Серия 9, Филология
d Дата издания источника 2007
g Прочая информация № 1. - С. 9 - 34 : табл.
w Контрольный № источника RU/IS/BASE/229700507
901 t Тип документа b